Deutsche Erinnerungsorte ; 1 . - München : Beck. - 2001 [Rezension]
| Titel: | Deutsche Erinnerungsorte ; 1 . - München : Beck. - 2001 [Rezension] |
|---|---|
| Verfasser: | |
| In: |
Borussia, Heft 30 (2003), Seite III-VIII alle Artikel anzeigen |
| Veröffentlicht: | 2003 |
| Format: | Aufsatz |
| Sprache: | Polnisch |
X
alg: 39486508 001A $01999:12-11-16 001B $01999:03-08-21 $t21:04:51.000 001D $01999:12-11-16 001U $0utf8 001X $00 002@ $0Aox 003@ $0394865081 007A $0394865081 $aHEB 007T $0Herd67038 010@ $apol 011@ $a2003 021A $aDeutsche Erinnerungsorte ; 1 . - München : Beck. - 2001 [Rezension] 028A $#Ruchniewicz, K. $7124485774 $8Ruchniewicz, Krzysztof$Z1967- [Tp1] $9155157302 031A $e30 $hIII-VIII $j2003 039B $aIn $8--Abvc--. Borussia. - Olsztyn : [Verlag nicht ermittelbar], 1991-2017. - ISSN 0867-6402 $x200300000000030999 $9048604585 039T $8--Afu--. Deutsche Erinnerungsorte ; 1. - München : Beck, (2001). - 724 Seiten. - Illustrationen. - ISBN 3-406-47222-2 $9096458372 045F $a900.9438 $eDDC23BSB 045F/01 $a900 045F/03 $g438 045T $a8,1 $a7,41 lok: 39486508 78 exp: 39486508 78 1 #EPN 201B/01 $018-11-16 $t12:58:49.000 201U/01 $0utf8 203@/01 $0791163679 208@/01 $a12-11-16 $be 209A/01 $a/ $f000 $x00 220C/01 $aTitelaufnehmer: jk 244Z/01 $2Trx $#Poola $#Lenkija $#Polija $#Polen Land $#Poland $#Lengyelország $#Poľsko $#Polsko $8--Trx--Polska$gkraj $x01 $9391345966 244Z/01 $2Trx $#arvustused $#recenzijos $#Reviews $#recenziók $#recenzje $#recenzie $#recenze $8--Trx--Rezensionen $x02 $9391357441 247C/01 $82080>Marburg/Lahn, Herder-Institut, Forschungsbibliothek, Bibliographieportal $9336309341
| LEADER | 00000caa a22000002c 4500 | ||
|---|---|---|---|
| 001 | 394865081 | ||
| 003 | DE-603 | ||
| 005 | 20210803210451.0 | ||
| 007 | tu | ||
| 008 | 161112s2003 xx |||| | u00||u|pol c | ||
| 035 | |a (DE-599)HEB394865081 | ||
| 040 | |a DE-603 |b ger |c DE-603 |d DE-603 | ||
| 041 | |a pol | ||
| 082 | 0 | 4 | |8 1\u |a 900.9438 |q DE-101 |2 23/BSB |
| 084 | |a 8,1 |a 7,41 |2 ssgn | ||
| 085 | |8 1\u |b 900 | ||
| 085 | |8 1\u |z 2 |s 438 | ||
| 100 | 1 | |a Ruchniewicz, Krzysztof |d 1967- |0 (DE-603)155157302 |0 (DE-588)124485774 |2 gnd | |
| 245 | 0 | 0 | |a Deutsche Erinnerungsorte ; 1 . - München : Beck. - 2001 [Rezension] |
| 264 | 0 | |c 2003 | |
| 773 | 0 | 8 | |i In |t Borussia |d Olsztyn : [Verlag nicht ermittelbar], 1991-2017 |x 0867-6402 |g Heft 30 (2003), Seite III-VIII |w (DE-603)048604585 |w (DE-600)1110008-4 |
| 787 | 0 | 8 | |i Rezension von |t Deutsche Erinnerungsorte ; 1 |d München : Beck, (2001) |h 724 Seiten, Illustrationen |z 3406472222 |w (DE-603)096458372 |
| 924 | 0 | |9 2080 |a (DE-603)791163679 |b DE-2080 |c HES |d d |g / | |


